Statistiche per Elenca la formazione - Finale UEFA Champions League 2002-2003

Clicka qui per fare il quiz!

Statistiche generali

  • Questo quiz è stato fatto 8 volte
  • Il punteggio medio è 19 su 22

Statistiche sulle risposte

RuoloNazioneCalciatore% Corretto
AttaccanteItaliaAlessandro Del Piero
100%
DifensoreItaliaAlessandro Nesta
100%
CentrocampistaItaliaAndrea Pirlo
100%
CentrocampistaPaesi BassiClarence Seedorf
100%
AttaccanteFranciaDavid Trezeguet
100%
PortiereBrasileDida
100%
CentrocampistaItaliaGennaro Gattuso
100%
PortiereItaliaGianluigi Buffon
100%
AttaccanteItaliaippo Inzaghi
100%
DifensoreGeorgiaK'akhaber K'aladze
100%
CentrocampistaItaliaMauro Germán Camoranesi
100%
DifensoreItaliaPaolo Maldini
100%
CentrocampistaPaesi BassiEdgar Davids
86%
CentrocampistaItaliaGianluca Zambrotta
86%
DifensoreCroaziaIgor Tudor
86%
DifensoreFranciaLilian Thuram
86%
TrequartistaPortogalloRui Costa
86%
DifensoreUruguayPaolo Montero
71%
DifensoreItaliaAlessandro Costacurta
57%
DifensoreItaliaCiro Ferrara
57%
CentrocampistaItaliaAlessio Tacchinardi
43%
AttaccanteUcrainaAndrij Ševčenko
29%

Distribuzione punteggi

Percentile per numero di risposta

Percentuale di utenti per punteggio

I tuoi punteggi nel tempo

Non hai fatto questo quiz